| 000 | 01175cac a22002891u 4500 | ||
|---|---|---|---|
| 090 | _c5662 | ||
| 008 | 081106t1992 xxu||||| |||| 00| 0 eng d | ||
| 010 | _a92001050 | ||
| 020 | _a0415074436 | ||
| 020 | _a0415074444 (pbk.) | ||
| 082 | 0 | 0 |
_a155.924 _bSTE |
| 100 | _aStewart, Louis H. | ||
| 245 | 1 | 0 |
_aChangemakers : _ba Jungian perspective on sibling position and the family atmosphere / _cLouis H. Stewart. |
| 260 |
_aLondon ; _aNew York : _bRoutledge, _c1992. |
||
| 300 |
_axii, 203 p. : _b1 ill. ; _c22 cm. |
||
| 500 | _adistributer: Al-Ahram | ||
| 504 | _aIncludes bibliographical references (p. [188]-198) and indexes. | ||
| 511 | _acatalogued by: wessam | ||
| 600 | 1 | 0 |
_aJung, C. G. _d1875-1961. |
| 650 | 0 | _aBirth order. | |
| 650 | 0 |
_aSocial change _xPsychological aspects. |
|
| 650 | 0 |
_aPoliticians _xPsychology _xCase studies. |
|
| 650 | 0 |
_aPsychoanalysts _xPsychology _xCase studies. |
|
| 856 | 4 | 2 |
_3Publisher description _uhttp://www.loc.gov/catdir/enhancements/fy0702/92001050-d.html |
| 942 |
_cBB _k155.924STE _2ddc |
||
| 999 |
_c5662 _d5662 |
||